[Event "Madrid-ch Previa-A"]
[Site "Madrid"]
[Date "2020.02.04"]
[Round "2"]
[White "Marcos Herrero, Francisco"]
[Black "Martinez Carrasco, Jesus"]
[Result "1-0"]
[WhiteElo "1883"]
[BlackElo "1534"]
[PlyCount "120"]
[EventDate "2020.02.03"]
[EventType "swiss"]
[EventRounds "9"]
[EventCountry "ESP"]
[SourceTitle "EXT 2021"]
[Source "ChessBase"]
[SourceDate "2020.10.23"]
[SourceVersion "1"]
[SourceVersionDate "2020.10.23"]
[SourceQuality "1"]

1. d4 Nf6 2. Nf3 d5 3. g3 g6 4. Bg2 Bg7 5. 0-0 0-0 6. b3 Nbd7 7. Bb2 c6 8. Nbd2 Re8 9. c4 e6 10. Rc1 b6 11. Qc2 Ba6 12. Rfd1 Rc8 13. e4 dxe4 14. Nxe4 Nxe4 15. Qxe4 Bb7 16. Qf4 Qe7 17. Bc3 Qf8 18. Rc2 Qe7 19. Re2 c5 20. Ne5 Bxg2 21. Kxg2 cxd4 22. Bxd4 Red8 23. Red2 Nxe5 24. Bxe5 Rxd2 25. Rxd2 Bxe5 26. Qxe5 Qb7+ 27. Kg1 Qe7 28. Qd4 Rc7 29. h4 h5 30. Kg2 f6 31. Qd3 Kg7 32. Qd8 Qxd8 33. Rxd8 e5 34. f3 Kf7 35. Kf2 f5 36. Ke3 Re7 37. a3 e4 38. Rd6 exf3+ 39. Kxf3 Re6 40. Rd7+ Re7 41. Rxe7+ Kxe7 42. Kf4 Kf6 43. b4 Ke6 44. Kg5 Kf7 45. c5 bxc5 46. bxc5 a5 47. c6 Ke7 48. c7 Kd7 49. c8Q+ Kxc8 50. Kxg6 a4 51. Kxf5 Kd7 52. g4 hxg4 53. Kxg4 Ke6 54. Kf4 Kf6 55. Ke4 Kg6 56. Kd4 Kh5 57. Kc4 Kxh4 58. Kb4 Kg5 59. Kxa4 Kf5 60. Kb5 Ke6 1-0

[Event "Madrid-ch Seniors 65"]
[Site "Madrid"]
[Date "2017.01.20"]
[Round "1"]
[White "Ciuro Munoz, Ricardo"]
[Black "Martinez Carrasco, Jesus"]
[Result "1-0"]
[WhiteElo "2015"]
[BlackElo "1636"]
[PlyCount "117"]
[EventDate "2017.01.20"]
[EventType "swiss"]
[EventRounds "7"]
[EventCountry "ESP"]
[SourceTitle "CBM 176 Extra"]
[Source "ChessBase"]
[SourceDate "2017.03.02"]
[SourceVersion "1"]
[SourceVersionDate "2017.03.02"]
[SourceQuality "1"]

1. e4 c5 2. Nf3 d6 3. d3 Nc6 4. Nbd2 Nf6 5. g3 g6 6. Bg2 Bg7 7. 0-0 0-0 8. Re1 Qc7 9. c3 a6 10. Nb3 e5 11. d4 c4 12. Nbd2 b5 13. d5 Na5 14. Nf1 Nb7 15. h3 Bd7 16. g4 Nc5 17. Ng3 Nd3 18. Re2 Nxc1 19. Qxc1 Qc8 20. Qe3 h6 21. Nh2 Nh7 22. Qb6 Qb8 23. Qe3 Qc8 24. Qb6 Qb8 25. Qxb8 Raxb8 26. Nhf1 Rfc8 27. Ne3 Bf6 28. Rc2 Nf8 29. Bf1 Nh7 30. b3 Bh4 31. Kg2 cxb3 32. axb3 Ra8 33. b4 Ng5 34. Bd3 Nh7 35. Ne2 Be7 36. Rca2 Nf6 37. Rxa6 Rab8 38. f3 Ne8 39. Ra7 Nc7 40. Nc2 Kf8 41. R1a3 Ke8 42. f4 exf4 43. Nxf4 Bf6 44. Ne2 Na8 45. Ncd4 Nc7 46. Kf3 Bd8 47. Ra1 Na8 48. R7a6 Bb6 49. Nxb5 Bxb5 50. Bxb5+ Ke7 51. Bc6 Nc7 52. R6a4 Ne8 53. Ra8 Nf6 54. Nf4 Kf8 55. Nd3 Ng8 56. Rxb8 Rxb8 57. e5 dxe5 58. Nxe5 Bc7 59. Nd7+ 1-0

[Event "Madrid-ch Seniors"]
[Site "Madrid"]
[Date "2016.01.15"]
[Round "5"]
[White "Camarero Izquierdo, Juan Carlos"]
[Black "Martinez Carrasco, Jesus"]
[Result "1-0"]
[WhiteElo "1861"]
[BlackElo "1561"]
[PlyCount "39"]
[EventDate "2016.01.11"]
[EventType "swiss"]
[EventRounds "9"]
[EventCountry "ESP"]
[SourceTitle "EXT 2017"]
[Source "ChessBase"]
[SourceDate "2016.10.25"]
[SourceVersion "1"]
[SourceVersionDate "2016.10.25"]
[SourceQuality "1"]

1. d4 Nf6 2. Nc3 g6 3. e4 d6 4. Be3 Bg7 5. Qd2 Nbd7 6. Bh6 0-0 7. Bxg7 Kxg7 8. h4 c5 9. 0-0-0 cxd4 10. Qxd4 Ne5 11. h5 Nc6 12. Qd2 Nxh5 13. Be2 Nf6 14. Qh6+ Kg8 15. Nd5 Nh5 16. Bxh5 f5 17. Bxg6 Rf7 18. Bxh7+ Rxh7 19. Qxh7+ Kf8 20. Qg6 1-0

[Event "Madrid-ch Seniors"]
[Site "Madrid"]
[Date "2016.01.13"]
[Round "3"]
[White "Lopez Heras, Arturo"]
[Black "Martinez Carrasco, Jesus"]
[Result "1-0"]
[WhiteElo "1809"]
[BlackElo "1561"]
[PlyCount "89"]
[EventDate "2016.01.11"]
[EventType "swiss"]
[EventRounds "9"]
[EventCountry "ESP"]
[SourceTitle "EXT 2017"]
[Source "ChessBase"]
[SourceDate "2016.10.25"]
[SourceVersion "1"]
[SourceVersionDate "2016.10.25"]
[SourceQuality "1"]

1. e4 c5 2. Nf3 d6 3. d4 cxd4 4. Nxd4 Nf6 5. Nc3 e6 6. Be2 Nc6 7. 0-0 a6 8. Be3 Qc7 9. Nxc6 Qxc6 10. Qd3 Be7 11. Bf3 Qc7 12. Na4 Nd7 13. Bd4 e5 14. Be3 b5 15. Nc3 Nf6 16. Rfd1 Bb7 17. a3 0-0 18. Rac1 Rac8 19. g4 h6 20. h4 Rfd8 21. g5 hxg5 22. hxg5 Nh7 23. Qd2 g6 24. Kg2 Kg7 25. Rh1 Rh8 26. Rh3 Qd8 27. Rch1 Bxg5 28. Rxh7+ Rxh7 29. Bxg5 Qh8 30. Rxh7+ Qxh7 31. Qxd6 Rf8 32. Bf6+ Kg8 33. Qxe5 Bc8 34. Qh2 Re8 35. Nd5 Qxh2+ 36. Kxh2 Bb7 37. Kg3 Re6 38. e5 Kf8 39. Nf4 Rxf6 40. exf6 Bc8 41. c3 Kg8 42. Nd5 Kh7 43. Ne7 Bd7 44. Bb7 a5 45. Bc6 1-0

[Event "Madrid-ch"]
[Site "Madrid"]
[Date "2014.03.01"]
[Round "9"]
[White "Martinez Carrasco, Jesus"]
[Black "Enfedaque Jimenez, Juan Carlos"]
[Result "0-1"]
[WhiteElo "1586"]
[BlackElo "1745"]
[PlyCount "62"]
[EventDate "2014.02.06"]
[EventType "swiss"]
[EventRounds "9"]
[EventCountry "ESP"]
[SourceTitle "CBM 159 Extra"]
[Source "ChessBase"]
[SourceDate "2014.04.24"]
[SourceVersion "1"]
[SourceVersionDate "2014.04.24"]
[SourceQuality "1"]

1. d4 d5 2. c4 c6 3. Nc3 Nf6 4. Nf3 e6 5. Bg5 Nbd7 6. e3 Qa5 7. Nd2 dxc4 8. Bxf6 Nxf6 9. Bxc4 b5 10. Bd3 b4 11. Nce4 Nxe4 12. Bxe4 Qb5 13. Rc1 Bb7 14. Nb3 Rc8 15. Bd3 Qg5 16. Qf3 Be7 17. 0-0 0-0 18. Nc5 Ba8 19. Rc4 a5 20. Rfc1 Rfd8 21. a3 bxa3 22. bxa3 e5 23. Qe4 g6 24. dxe5 Rd5 25. f4 Qg4 26. Bf1 Rcd8 27. Rd4 Kg7 28. Qd3 Rxd4 29. exd4 Qxf4 30. e6 Qxc1 31. exf7 Bxc5 0-1

[Event "Madrid-ch"]
[Site "Madrid"]
[Date "2014.02.28"]
[Round "8"]
[White "Marcos Herrero, Francisco"]
[Black "Martinez Carrasco, Jesus"]
[Result "1-0"]
[WhiteElo "1930"]
[BlackElo "1586"]
[PlyCount "51"]
[EventDate "2014.02.06"]
[EventType "swiss"]
[EventRounds "9"]
[EventCountry "ESP"]
[SourceTitle "CBM 159 Extra"]
[Source "ChessBase"]
[SourceDate "2014.04.24"]
[SourceVersion "1"]
[SourceVersionDate "2014.04.24"]
[SourceQuality "1"]

1. Nf3 d5 2. c4 c6 3. d4 Nf6 4. Nc3 e6 5. g3 dxc4 6. a4 g6 7. Bg2 Bg7 8. e4 0-0 9. Ne5 Ne8 10. Bf4 Qb6 11. Qd2 Nd7 12. a5 Qd8 13. Nxc4 Nef6 14. 0-0 Ne8 15. Rfd1 Qe7 16. d5 exd5 17. exd5 cxd5 18. Nxd5 Qc5 19. Rac1 Qb5 20. Nd6 Nxd6 21. Bxd6 Re8 22. Nc7 Qxb2 23. Nxe8 Qxd2 24. Rxd2 Bh6 25. f4 Nf8 26. Nc7 1-0

[Event "Madrid-ch"]
[Site "Madrid"]
[Date "2014.02.21"]
[Round "6"]
[White "Franco Rincon, David"]
[Black "Martinez Carrasco, Jesus"]
[Result "1-0"]
[WhiteElo "1685"]
[BlackElo "1586"]
[PlyCount "121"]
[EventDate "2014.02.06"]
[EventType "swiss"]
[EventRounds "9"]
[EventCountry "ESP"]
[SourceTitle "CBM 159 Extra"]
[Source "ChessBase"]
[SourceDate "2014.04.24"]
[SourceVersion "1"]
[SourceVersionDate "2014.04.24"]
[SourceQuality "1"]

1. e4 c5 2. Nf3 Nc6 3. d3 d6 4. g3 Nf6 5. Bg2 e5 6. 0-0 Be7 7. h3 0-0 8. Be3 h6 9. Nbd2 Be6 10. c3 Rc8 11. Kh2 Qb6 12. b3 a6 13. Ng1 Qc7 14. Rc1 b5 15. Ne2 Qd7 16. f4 exf4 17. Nxf4 Ne5 18. d4 cxd4 19. cxd4 Neg4+ 20. hxg4 Nxg4+ 21. Kg1 Nxe3 22. Qe2 Nxf1 23. Rxf1 Bg4 24. Qd3 Rc7 25. Nd5 Rb7 26. e5 Rbb8 27. exd6 Qxd6 28. Ne4 Qd8 29. Ne3 Bh5 30. Nf2 Bg6 31. Qe2 Re8 32. Qg4 Bd6 33. Qf3 Bf8 34. Rd1 Re7 35. Neg4 Qe8 36. Kh2 Re2 37. Ne5 Rxa2 38. b4 Qe6 39. Bh3 Qf6 40. Qxf6 gxf6 41. Nxg6 fxg6 42. Be6+ Kg7 43. Bxa2 Bxb4 44. Rc1 Re8 45. Rc7+ Kh8 46. Rc2 h5 47. Bf7 Re3 48. Bxg6 Bd6 49. Ne4 Bb8 50. d5 Kg7 51. Bf5 h4 52. d6 hxg3+ 53. Kg2 Rd3 54. Rc8 Bxd6 55. Rd8 Rd5 56. Nxd6 Re5 57. Rd7+ Kf8 58. Bh7 Re7 59. Rd8+ Kg7 60. Nf5+ Kxh7 61. Nxe7 1-0